000 00880nam a2200265Ia 4500
003 OSt
005 20220930085141.0
006 a|||||r|||| 00| 0
007 ta
008 220926b |||||||| |||| 00| 0 eng d
024 _a91737
037 _cTheses
040 _aCRL
_cCRL
_beng
041 _2eng
_aeng
100 _aYadav Harish Kumar
_9539549
110 _aUniversity of Delhi. Faculty of Science. Department of Physics and Astrophysics
_9519374
245 0 _aGrowth and characterization of multifunctional Zinc Oxide (ZnO) nanoparticles and thin films
260 _c2007
300 _a134p.
_ap.
_ccm.
650 _aPHYSICS
700 _a Dr. Vinay Gupta Gu.
_9539145
700 _aUniversity of Delhi. Faculty of Science. Department of Physics and Astrophysics
_9519380
942 _cDIS
_2CC
999 _c878439
_d878439